00356 a2200121 4500020001500000082001200015100002100027245005700048260004000105300001600145500001600161505005700177 a8130706113 a342.733 aMunro,William B. aThe Government of the United StatescWilliam B.Munro aNew DelhibCosmo Publicationsc2007 aPaper cover aPaper cover rWilliam B.MunrotThe Government of the United States